| 000 | 00786nam a22002057a 4500 | ||
|---|---|---|---|
| 999 |
_c62061 _d62061 |
||
| 005 | 20240702110629.0 | ||
| 008 | 240702s2008 enk||||| |||| 00| 0 eng d | ||
| 020 | _a9780195168655x | ||
| 041 | _aeng | ||
| 080 | _a17+616 The-44 | ||
| 245 |
_aThe Oxford textbook of clinical research ethics _cedited by Ezekiel J. Emanuel, Ch. Grady, R. A. Crouch... [et al.]. |
||
| 264 |
_a Oxford ; _bOxford University Press, _c2008. |
||
| 300 |
_a 827 p. : _bill. ; _c29 cm. |
||
| 653 | _aსამედიცინო ეთიკა . | ||
| 653 | _aკლინიკური კვლევები . | ||
| 653 | _aმედიცინა | ||
| 700 |
_aGrady, Ch. _eრედაქტორი _922641 |
||
| 700 |
_aCrouch, R. A. _eრედაქტორი _922642 |
||
| 942 |
_2udc _cBK |
||